| 000 | 00704nam a2200241 a 4500 | ||
|---|---|---|---|
| 001 | 66146 | ||
| 003 | BD-RjUL | ||
| 005 | 20211209081515.0 | ||
| 008 | 170314s2004 ii ||||| |||| 001 0 eng d | ||
| 020 | _a8170353351 : | ||
| 035 | _a(BD-RjUL)66276 | ||
| 040 |
_aBD-RjUL _beng _cBD-RjUL _dBD-RjUL |
||
| 041 | _aeng | ||
| 082 |
_223 _a581.954 _bUPA 2004 |
||
| 100 |
_aUpadhyay, Alka Rani _9195703 |
||
| 245 | 1 | 0 |
_aAquatic plants for the waste water treatment / _cAlka Rani Upadhyay |
| 260 |
_aDelhi : _bDaya Pub. House, _c2004. |
||
| 300 |
_a181 p. : _bill, ; _c24 cm. |
||
| 500 | _aInclude index. | ||
| 650 |
_aAquatic plants _xIndia. _9195704 |
||
| 650 |
_aSewage _xIndia. _9195705 |
||
| 942 |
_2ddc _cBK |
||
| 999 |
_c66146 _d66146 |
||